Bolivarismo y monroísmo: temas iberoamericanos
Guardado en:
| Autor principal: | |
|---|---|
| Formato: | Libro |
| Lenguaje: | español |
| Publicado: |
Santiago
Ercilla
1934
|
| Colección: | Biblioteca América, 5
|
| Materias: | |
| Etiquetas: |
Agregar Etiqueta
Sin Etiquetas, Sea el primero en etiquetar este registro!
|
MARC
| LEADER | 00000nam a2200000 a 4500 | ||
|---|---|---|---|
| 001 | UCP6423 | ||
| 003 | CL-VaPUC | ||
| 008 | 991022e19340000CL |||||||||||||||||spa|d | ||
| 082 | 0 | 4 | |a 327.81 |b VAS |2 21 |
| 100 | 0 | |a Vasconcelos, José |e author |9 435571 | |
| 245 | 1 | 0 | |a Bolivarismo y monroísmo: temas iberoamericanos |
| 300 | |a 208 p | ||
| 942 | |c BK | ||
| 945 | |d 19991022 00:00:00 |a crobeson | ||
| 260 | |a Santiago |b Ercilla |c 1934 | ||
| 600 | 0 | |a Bolívar, Simón |d 1783-1830 |9 265422 | |
| 650 | 7 | |a PANAMERICANISMO |2 CL-VaPUC |9 316147 | |
| 650 | 7 | |a DOCTRINA MONROE |2 CL-VaPUC |9 314895 | |
| 650 | 0 | |a Política internacional |9 255813 | |
| 651 | 0 | |a América Latina |9 255027 | |
| 583 | |a last modification |c 19991022 00:00:00 |k Rodrigo Vera | ||
| 490 | 0 | |a Biblioteca América, 5 | |
| 999 | |c 284010 |d 284008 | ||
| 952 | |0 0 |1 0 |4 0 |6 327_810000000000000_VAS_1934 |7 0 |8 X |9 327605 |a BIBHIS |b BIBHIS |d 2019-11-20 |i 1370227 |o 327.81 VAS 1934 |p 1370227 |r 2024-01-30 |w 2019-11-20 |y BK_X |k HIS | ||